00000000nam 2200000zi 4500
0019.947335
003CaOODSP
00520250129094612
006m     o  d f      
007cr |n|||||||||
008250124s1974    oncd    o    f|00 0 eng d
040 |aCaOODSP|beng|erda|cCaOODSP
043 |an-cn---
0861 |aC2-311/1974E-PDF
24500|aAutomobile & truck parts aftermarket in Canada.
2463 |aAutomobile and truck parts aftermarket in Canada
264 1|a[Ottawa] : |bIndustry, Trade & Commerce, Automotive Parts Division, Surface Transportation Branch, |c[1974?]
300 |a1 online resource (1 volume (various pagings)) : |bgraphs
336 |atext|btxt|2rdacontent
337 |acomputer|bc|2rdamedia
338 |aonline resource|bcr|2rdacarrier
500 |aDigitized edition from print [produced by Innovation, Science and Economic Development Canada].
650 0|aAutomobile industry and trade|zCanada.
650 0|aAutomobile supplies industry|zCanada.
650 6|aAutomobiles|xIndustrie et commerce|zCanada.
650 6|aAutomobiles|xÉquipement|xIndustrie|zCanada.
7101 |aCanada. |bIndustry, Trade and Commerce, |eissuing body.
85640|qPDF|s3.45 MB|uhttps://publications.gc.ca/collections/collection_2025/isde-ised/c2/C2-311-1974-eng.pdf